Chimie - Trouver les éléments chimiques du tableau périodique - Statistiques

Statistiques générales
  • Ce quiz a été pris 26 fois
  • Le résultat moyen est 15 sur 20
Answers on the Grid
Answers color-coded by a green-red scale on the quiz's grid according to % correct below.
Acétylène
Actinium
Américium
Ammonium
Carbanion
Carbone
Césium
Cyanur
Cystéine
Einsteinium
Europium
Gallium
Germanium
Glucose
Glutamine
Hafnium
Holmium
Hydronium
Magnésite
Manganèse
Nitronium
Nucléophile
Osmium
Oxonium
Oxydium
Oxygène
Phosphine
Phosphonium
Potassium
Pyridium
Silicium
Sulfonium
Thallium
Titane
Tosylate
Tropylium
Xylène
Ytterbium
Yttrium
Zirconium
 
Statistiques - réponses
Réponse % Correct
Potassium
95%
Carbone
90%
Oxygène
90%
Césium
85%
Gallium
85%
Silicium
85%
Zirconium
85%
Manganèse
80%
Titane
80%
Einsteinium
75%
Germanium
75%
Thallium
75%
Américium
65%
Osmium
65%
Yttrium
65%
Actinium
60%
Europium
60%
Ytterbium
60%
Hafnium
40%
Holmium
35%
Aucun quiz correspondant
Distribution des résultats
% des personnes avec chaque résultat
Percentile par nombre de réponses
Votre historique - résultats
Vous n’avez pas pris ce quiz